[Event "COL-ch visually impaired 2nd"]
[Site "Cali"]
[Date "2008.10.28"]
[Round "7.18"]
[White "Blandon Jaramillo, Raul Antonio"]
[Black "Bruges, Luis Ramon"]
[Result "0-1"]
[WhiteElo "1600"]
[BlackElo "1600"]
[PlyCount "30"]
[EventDate "2008.10.25"]
[EventType "swiss"]
[EventRounds "7"]
[EventCountry "COL"]
[SourceTitle "EXT 2024"]
[Source "ChessBase"]
[SourceDate "2023.10.10"]
[SourceVersion "1"]
[SourceVersionDate "2023.10.10"]
[SourceQuality "1"]

1. e4 e5 2. Nf3 Nc6 3. Nc3 Nf6 4. d4 h6 5. dxe5 Ng4 6. Bc4 Na5 7. Bb5 c6 8. Ba4 Be7 9. 0-0 a6 10. b4 Nc4 11. Qd4 Na5 12. Bf4 g5 13. Bg3 b5 14. bxa5 bxa4 15. Nxa4 h5 0-1

[Event "COL-ch visually impaired 2nd"]
[Site "Cali"]
[Date "2008.10.27"]
[Round "6.17"]
[White "Bruges, Luis Ramon"]
[Black "Galvez, Norberto"]
[Result "0-1"]
[WhiteElo "1600"]
[BlackElo "1603"]
[PlyCount "40"]
[EventDate "2008.10.25"]
[EventType "swiss"]
[EventRounds "7"]
[EventCountry "COL"]
[SourceTitle "EXT 2024"]
[Source "ChessBase"]
[SourceDate "2023.10.10"]
[SourceVersion "1"]
[SourceVersionDate "2023.10.10"]
[SourceQuality "1"]

1. d4 d5 2. e3 a6 3. Nc3 Nf6 4. h3 Nc6 5. f4 Bf5 6. g4 Be4 7. Rh2 e6 8. g5 Nd7 9. a4 Bd6 10. a5 h6 11. h4 hxg5 12. Nh3 Rxh4 13. fxg5 Bxh2 14. Nf2 Qxg5 15. Bd2 Bg3 16. Ncxe4 dxe4 17. d5 Nce5 18. Bg2 exd5 19. Kf1 Qf5 20. b4 Qxf2# 0-1